LEADER 01203nam a2200313 a 4500 001 000000123543 003 CaOOAMICUS 005 20101027101005.0 008 101027t2008 it a u000 u ita r 020 $a978-88-370-6140-1 040 $aPUL$bita 082 04$a703 100 1 $aZuffi, Stefano.$0(OLS)http://pul/name/77822 245 10$aAmore ed erotismo /$cStefano Zuffi. 260 $aMilano :$bElecta,$c©2008. 300 $a383 p. :$bill. ;$c20 cm. 490 1 $aDizionari dell'arte 504 $aInclude bibliografia ed indice. 650 4$aAmore (Arte).$0(OLS)http://pul/subject/36606 650 4$aErotismo$xIconografia.$0(OLS)http://pul/subject/37274 830 2$aI dizionari dell'arte.$0(OLS)http://pul/title/93900 850 $aPUL 852 $aPUL$W1$xSL Cons. Gen., Altre Classi 3$y75$m703 COLL 1.14$j142212$qDDC 21$B141193$CPULBib$Z2$F141193 $H115055 $82 941 1 $a9 996 $6020$a978-88-370-6140-1$9(OLS)http://pul/number/145733 996 $6082$a703$9(OLS)http://pul/classification/1705 996 $6245$aAmore ed erotismo$9(OLS)http://pul/title/155694 996 $6260$aMilano :$bElecta$9(OLS)http://pul/publisher/48480 LEADER 01473nam a2200313 u 4500 001 000000089649 003 CaOOAMICUS 005 20070226124635.0 008 051010s2004 it a u000 u ita u 020 $a88-7226-406-5 035 $a11070402 040 $aPUL$bita 100 1 $aMilani, Lorenzo,$csac.,$d1923-1967.$0(OLS)http://pul/name/35627 245 12$aL'obbedienza non è più una virtù e gli altri scritti pubblici /$cLorenzo Milani ; a cura di Carlo Galeotti. 260 $aViterbo :$bNuovi equilibri, Stampa alternativa,$cc2004. 300 $a155 p. :$bill. ;$c17 cm 490 1 $aEretica 504 $aBibliogr.: p. 152-154. 600 14$aMilani, Lorenzo,$csac.,$d1923-1967.$0(OLS)http://pul/subject/29331 650 4$aChiesa cattolica e questioni sociali$zKenya$ySec. XXI.$0(OLS)http://pul/subject/19586 650 4$aObiezione di coscienza.$0(OLS)http://pul/subject/9213 700 1 $aGaleotti, Carlo,$d1959-$0(OLS)http://pul/name/58058 830 0$aEretica.$0(OLS)http://pul/title/115755 850 $aPUL 852 $aPUL$W1$xSL Filosofia 3$y81$m172. 1 MILLO 1$j113294$nBK-PRI$b $qDDC 21$B113294$CPULBib$Z2$F113294 $HPUL99790 $81 941 1 $a9 996 $6020$a88-7226-406-5$9(OLS)http://pul/number/117591 996 $6245$aL'obbedienza non è più una virtù e gli altri scritti pubblici$9(OLS)http://pul/title/115754 996 $6260$aViterbo :$bNuovi equilibri, Stampa alternativa$9(OLS)http://pul/publisher/78217